| 000 | 00541 a2200157 4500 | ||
|---|---|---|---|
| 003 | Nust | ||
| 005 | 20221221133713.0 | ||
| 040 | _cNust | ||
| 082 | _a170, RAP | ||
| 100 |
_aD.D Raphael _9105570 |
||
| 245 |
_aMoral Philosophy _cD.D. Raphael |
||
| 260 |
_aKarachi _bShaheenpackage _c1981 |
||
| 300 | _a120 p.; | ||
| 505 | _aIntroduction (Page-1), Values and Facts (Page-11), The Standard of Morals (Page-34), Ethics and Politics (Page-67), Free will and Determinism (Page-91), Suggestions for Further Reading (Page-116). | ||
| 942 |
_2ddc _cBK |
||
| 999 |
_c193799 _d193799 |
||